Statistics for AFL Premiers

Click here to take the quiz!

General Stats

  • This quiz has been taken 1,204 times
    (1,196 since last reset)
  • The average score is 14 of 15

Answer Stats

HintAnswer% Correct
2010Collingwood Magpies
98%
2012Sydney Swans
98%
2005Sydney Swans
98%
2003Brisbane Lions
97%
2002Brisbane Lions
97%
2001Brisbane Lions
97%
2011Geelong Cats
97%
2009Geelong Cats
97%
2007Geelong Cats
97%
2008Hawthorn Hawks
97%
2006West Coast Eagles
95%
2000Essendon Bombers
93%
2004Port Adelaide Power
93%
1998Adelaide Crows
91%
1999North Melbourne Kangaroos
90%

Score Distribution

Percentile by Number Answered

Percent of People with Each Score

Your Score History

You have not taken this quiz since the last reset